Escritores místicos españoles. (Record no. 115581)

MARC details
000 -LEADER
campo de control de longitud fija 01369nam a2200337 i 4500
001 - NÚMERO DE CONTROL
campo de control 115581
003 - IDENTIFICADOR DE NÚMERO DE CONTROL
campo de control ES-MaACL
005 - FECHA Y HORA DE LA ÚLTIMA TRANSACCIÓN
campo de control 20251209134701.0
007 - CAMPO FIJO DE DESCRIPCIÓN FÍSICA--INFORMACIÓN GENERAL
campo de control de longitud fija t|
008 - DATOS DE LONGITUD FIJA--INFORMACIÓN GENERAL
campo de control de longitud fija 070319s1911 sp ||||1| spa d
080 ## - NÚMERO DE LA CLASIFICACIÓN DECIMAL UNIVERSAL
Número de la Clasificación Decimal Universal 821.134.2-94"14/15"(082.2)
245 00 - MENCIÓN DEL TÍTULO
Título Escritores místicos españoles.
Número de parte o sección de la obra I,
Nombre de parte o sección de la obra Hernando de Talavera, Alejo Venegas, Francisco de Osuna, Alfonso de Madrid [i.e.Alonso de Madrid] /
Mención de responsabilidad, etc. con un discurso preliminar de D. Miguel Mir, Pbro.
260 ## - PUBLICACIÓN, DISTRIBUCIÓN, ETC.
Lugar de publicación, distribución, etc. Madrid :
Nombre del editor, distribuidor, etc. Bailly-Baillière,
Fecha de publicación, distribución, etc. 1911.
300 ## - DESCRIPCIÓN FÍSICA
Extensión XXXII, 660 p. ;
Dimensiones 26 cm.
490 1# - MENCIÓN DE SERIE
Mención de serie Nueva biblioteca de autores españoles ;
Designación de volumen o secuencia 16
530 ## - NOTA DISPONIBLE DE FORMULARIO FÍSICO ADICIONAL
Nota de formato físico adicional disponible Disponible en formato digital.
596 ## - NOTA AL PIE DE IMPRENTA
NOTA AL PIE DE IMPRENTA No se publicó más.
650 #4 - PUNTO DE ACCESO ADICIONAL DE MATERIA--TÉRMINO DE MATERIA
Término de materia o nombre geográfico como elemento de entrada Misticismo-
Subdivisión geográfica España.
9 (RLIN) 138735
650 #7 - PUNTO DE ACCESO ADICIONAL DE MATERIA--TÉRMINO DE MATERIA
Término de materia o nombre geográfico como elemento de entrada Moral cristiana
Fuente del encabezamiento o término embne
9 (RLIN) 142371
650 #4 - PUNTO DE ACCESO ADICIONAL DE MATERIA--TÉRMINO DE MATERIA
Término de materia o nombre geográfico como elemento de entrada Ascetismo.
9 (RLIN) 10365
700 1# - ENTRADA AGREGADA--NOMBRE PERSONAL
Nombre de persona Mir, Miguel (
Fechas asociadas al nombre 1841-1912)
9 (RLIN) 81426
700 1# - ENTRADA AGREGADA--NOMBRE PERSONAL
Nombre de persona Talavera, Hernando de,
Fechas asociadas al nombre 1428-1507
9 (RLIN) 109111
700 1# - ENTRADA AGREGADA--NOMBRE PERSONAL
Nombre de persona Venegas, Alejo.
9 (RLIN) 113886
700 1# - ENTRADA AGREGADA--NOMBRE PERSONAL
Nombre de persona Francisco de Osuna,
Fechas asociadas al nombre ca.1492-ca.1540
9 (RLIN) 139695
700 0# - ENTRADA AGREGADA--NOMBRE PERSONAL
Nombre de persona Alonso de Madrid
Títulos y otros términos asociados al nombre (O.F.M)
9 (RLIN) 139694
830 1# - PUNTO DE ACCESO ADICIONAL DE SERIE-TÍTULO UNIFORME
Título uniforme Nueva biblioteca de autores españoles ;
Designación de volumen o secuencia 16
9 (RLIN) 186329
852 ## - LOCALIZACIÓN
Ubicación ES-MaACL
Número de control de estantería C-30142
Ubicación en estantería Depósito 2
856 4# - LOCALIZACIÓN Y ACCESO ELECTRÓNICOS
Identificador Uniforme de Recursos <a href="http://bnedigital.bne.es/bd/es/card?id=8582c459-a11f-400a-bee1-1681f5d2e8da">http://bnedigital.bne.es/bd/es/card?id=8582c459-a11f-400a-bee1-1681f5d2e8da</a>
Texto de enlace (Biblioteca Digital Hispánica)
942 ## - ELEMENTOS DE ENTRADA SECUNDARIOS (KOHA)
Fuente del sistema de clasificación o colocación Clasificación decimal universal
Holdings
Estatus retirado Estado de pérdida Estado de daño No para préstamo Colección Biblioteca de origen Biblioteca actual Ubicación en estantería Fecha de adquisición Fuente de adquisición Total de préstamos Signatura topográfica completa Código de barras Visto por última vez Precio de reemplazo Tipo de ítem Koha
        Colección digital Biblioteca del Ateneo de Madrid Biblioteca del Ateneo de Madrid Depósito 2 17/01/2008     C-30142 1120524 23/02/2023 23/02/2023 Libro impreso